<?xml version="1.0" encoding="UTF-8"?>
<record
    xmlns:xsi="http://www.w3.org/2001/XMLSchema-instance"
    xsi:schemaLocation="http://www.loc.gov/MARC21/slim http://www.loc.gov/standards/marcxml/schema/MARC21slim.xsd"
    xmlns="http://www.loc.gov/MARC21/slim">

  <leader>00979nam a2200193 i 4500</leader>
  <controlfield tag="001">189268</controlfield>
  <controlfield tag="003">ES-MaACL</controlfield>
  <controlfield tag="005">20250719062548.0</controlfield>
  <controlfield tag="008">190520s1885    it           |||| | ita d</controlfield>
  <datafield tag="245" ind1="0" ind2="0">
    <subfield code="a">Relazione sulle opere di costruzione eseguite dai condannati ai lavori forzati sotto la direzione del genio militare.</subfield>
  </datafield>
  <datafield tag="260" ind1=" " ind2=" ">
    <subfield code="a">Roma : </subfield>
    <subfield code="b">Tip. delle Mantellate, </subfield>
    <subfield code="c">1885.</subfield>
  </datafield>
  <datafield tag="300" ind1=" " ind2=" ">
    <subfield code="a">37 p. ; </subfield>
    <subfield code="c">26 cm.</subfield>
  </datafield>
  <datafield tag="650" ind1=" " ind2="4">
    <subfield code="a">Establecimientos penitenciarios-</subfield>
    <subfield code="z">Italia.</subfield>
    <subfield code="9">141897</subfield>
  </datafield>
  <datafield tag="852" ind1=" " ind2=" ">
    <subfield code="a">ES-MaACL</subfield>
    <subfield code="j">D-85(8) </subfield>
    <subfield code="9">196406 </subfield>
    <subfield code="b">R.FOLL.5/8</subfield>
    <subfield code="c">SVI</subfield>
    <subfield code="d">Olim: 193-C-19</subfield>
    <subfield code="f">Sello en tinta en portada: "Donativo del Sr. Lastres al Ateneo de Madrid 1907"</subfield>
    <subfield code="g">Anotaci&#xF3;n manuscrita en portada: "Folletos penitenciarios. Tomo 9"</subfield>
    <subfield code="h">Donaci&#xF3;n: Francisco Lastres y Juiz</subfield>
    <subfield code="x">Encuadernado con otras obras formando un volumen faacticio </subfield>
  </datafield>
  <datafield tag="903" ind1=" " ind2=" ">
    <subfield code="a">Lastres y Juiz, Francisco,</subfield>
    <subfield code="d">1848-1918</subfield>
    <subfield code="q">1</subfield>
    <subfield code="e">dnr</subfield>
    <subfield code="9">70504</subfield>
  </datafield>
  <datafield tag="942" ind1=" " ind2=" ">
    <subfield code="2">udc</subfield>
    <subfield code="c">FOLLETOS</subfield>
  </datafield>
  <datafield tag="999" ind1=" " ind2=" ">
    <subfield code="c">189268</subfield>
    <subfield code="d">189268</subfield>
  </datafield>
  <datafield tag="952" ind1=" " ind2=" ">
    <subfield code="0">0</subfield>
    <subfield code="1">0</subfield>
    <subfield code="2">udc</subfield>
    <subfield code="4">0</subfield>
    <subfield code="7">0</subfield>
    <subfield code="8">Colecci&#xF3;n_de_folletos</subfield>
    <subfield code="a">ATENEOM</subfield>
    <subfield code="b">ATENEOM</subfield>
    <subfield code="c">SVI</subfield>
    <subfield code="d">2019-05-20</subfield>
    <subfield code="e">DONACION</subfield>
    <subfield code="l">0</subfield>
    <subfield code="o">D-85(8)</subfield>
    <subfield code="p">901200529</subfield>
    <subfield code="r">2023-02-23 00:00:00</subfield>
    <subfield code="w">2023-02-23</subfield>
    <subfield code="y">FOLLETOS</subfield>
  </datafield>
</record>
